02538nam a22002537a 450000500170000000800410001702000180005804000070007604100120008308200220009510000220011724500860013925000070022526000340023230000260026636500530029252017460034565000320209165000360212365000340215965000240219365000420221770000250225920260106095739.0250116b ||||| |||| 00| 0 eng d a9788197011511 cAL aEnglish 223a620.802bCHOG aKailash Choudhary aGATE Biotechnologyb: most probable practice questions with detailed explaination a2. aPunebIFAS Publicationsc2024 a241 p.bPBc28x21 cm. a6032b₹761.00c₹d₹895.00e15%f13-01-2025 aIFAS is India's No. 1 ?? CSIR UGC NET, GATE & IIT JAM Institute. GATE Biotechnology Previous Year Solved Paper Book 2025 is written by Dr. Kailash Choudhary who have secured CSIR JRF AIR 1, GATE AIR 1 and guided 20,000+ students to qualify CSIR NET JRF, GATE & SET Examination. A few benefits of studying from IFAS "GATE Biotechnology Practice Book" are: ??Comprehensive Coverage: This book covers Chapterwise Sorted Most Probable Questions with detailed Solutions, ensuring thorough preparation. ??Detailed Explanations: Each question is accompanied by detailed explanations, helping students understand the concepts and improve their problem-solving skills. ??Best Seller: IFAS GATE Biotechnology Practice Book is a Best Seller on Amazon, indicating its popularity and effectiveness in helping students prepare for the exam The questions are sorted as per the updated GATE Biotechnology 2025 syllabus & placed under 7 Sections: Section 1: Engineering Mathematics ?? Section 2: General Biology ?? Section 3: Genetics, Cellular & Molecular Biology ?? Section 4: Fundamentals of Biological Engineering ?? Section 5: Bioprocess Engineering and Process Biotechnology ?? Section 6: Plant, Animal and Microbial Biotechnology ?? Section 7: Recombinant DNA technology and other Tools in Biotechnology ?? Through this book an effort has been made to dispel GATE biotechnology exam fear. For sure success, a student should approach this exam with a strategy and planning in his/her mind. This fine sorting of questions will help the student to understand the important topic of the subject, which is most frequent in examinations. Every section starts with the Analysis Chart showing questions asked during different years of GATE Biotechnology exam. aBiotechnology Entrance Exam aChapter Wise Practice Questions aUseful For Gate Biotechnology a1500+ Question Bank aDetailed Explanation of Each Question aBHILARE (Vaishnavi )